Obra completa : versos y prosa, 1918-1939 /
Guardat en:
| Autor principal: | |
|---|---|
| Altres autors: | , |
| Format: | Llibre |
| Idioma: | espanyol |
| Publicat: |
México : Culiacán, México :
Siglo XXI ; Universidad de Occidente : El Colegio de Sinaloa,
2002, c2002
|
| Col·lecció: | (Los Once Ríos)
|
| Matèries: | |
| Etiquetes: |
Sense etiquetes, Sigues el primer a etiquetar aquest registre!
|
MARC
| LEADER | 00000nam^a2200000^a^4500 | ||
|---|---|---|---|
| 001 | 000146465 | ||
| 005 | 20250521000000.0 | ||
| 009 | 20260310095911.744 | ||
| 020 | |a 968-23-2396-7 | ||
| 037 | |a Acervo ITESO - Biblioteca | ||
| 041 | |a ESP | ||
| 082 | |a 868. |b GON | ||
| 100 | |a González Rojo, Enrique |e (autor) | ||
| 245 | 1 | 0 | |a Obra completa : |b versos y prosa, 1918-1939 / |c E. González Rojo ; ed. J. Labastida, G. Rousset Banda. |
| 264 | 4 | |a México : |b Siglo XXI ; |a Culiacán, México : |b Universidad de Occidente : |b El Colegio de Sinaloa, |c 2002, c2002 | |
| 300 | |a 380 p. | ||
| 336 | |a texto |b txt |2 rdacontenido | ||
| 337 | |a sin mediación |b n |2 rdamedio | ||
| 338 | |a volumen |b nc |2 rdasoporte | ||
| 440 | 5 | |a (Los Once Ríos) | |
| 545 | 0 | |a Hijo del poeta jalisciense Enrique González Martínez, Enrique González Rojo nació en 1899 en Culiacán, Sinaloa y falleció en 1939 en la ciudad de México. Tras colaborar en las publicaciones San-Ev-Ank (1918) y Revista Nueva (1919), González Rojo dirigió la sección literaria del diario El Heraldo de México (1920) y fue jefe del Departamento de Bellas Artes (1923-1924) durante la gestión de José Vasconcelos en la Secretaría de Educación Pública. El puerto y otros poemas (1923), Espacio (1926) y Viviendas en el mar (1927) son sus tres primeros libros, anteriores a su integración en el grupo de los Contemporáneos (1928-1931). González Rojo prosiguió su obra con Romance de José Conde (1939), pero su temprana muerte impidió el total desarrollo de su vocación poética, de la que ofrecería una nueva muestra en la publicación póstuma de Elegías romanas y otros poemas (1941). | |
| 649 | |a XX | ||
| 650 | |a Poesía Mexicana | ||
| 650 | |a Prosa Literaria Mexicana | ||
| 650 | |a Contemporáneos (Literatura Mexicana) | ||
| 650 | |a Literatura Mexicana - |y Siglo XX | ||
| 700 | |a Labastida, Jaime |e (edición) | ||
| 700 | |a Rousset Banda, Guillermo |e (edición) | ||
| 910 | |a Fondo General | ||
| 920 | |a Impresos - Libros | ||
| 930 | |a Colección General | ||
| 940 | |a Literatura | ||
| 905 | |a 101 | ||
| 901 | |a 0500075631 |b IT1 |c LIT |u 20250521 | ||
| 902 | |a https://opac.biblio.iteso.mx/vufind/Record/000146465 | ||